000 00630nam a2200217Ia 4500
003 OSt
005 20220927105116.0
006 a|||||r|||| 00| 0
007 ta
008 220926b |||||||| |||| 00| 0 eng d
024 _a163406
037 _cReference Collections
040 _aRTL
_cRTL
_beng
041 _2eng
_aeng
082 _a"Y:5.277sN71, L1.3-2B"
100 _a"Census of India,1971"
245 0 _a"Economic tables. Assam V.3, Pt. 2B."
260 _aAssam
_bGovt. Press
_c1971
942 _h"Y:5.277sN71, L1.3-2B"
_cCC
999 _c690688
_d690688